<?xml version='1.0' encoding='UTF-8'?>
  <record xmlns="http://www.loc.gov/MARC21/slim">
    <leader>00000nem a2200000 i 4500</leader>
    <controlfield tag="001">ocn980374188</controlfield>
    <controlfield tag="003">OCoLC</controlfield>
    <controlfield tag="005">20250426100933.4</controlfield>
    <controlfield tag="008">070718s1593    ne        a     0   dut d</controlfield>
    <datafield tag="040" ind1=" " ind2=" ">
      <subfield code="a">QGJ</subfield>
      <subfield code="b">dut</subfield>
      <subfield code="c">QGJ</subfield>
      <subfield code="d">OCLCL</subfield>
      <subfield code="d">OCLCQ</subfield>
    </datafield>
    <datafield tag="035" ind1=" " ind2=" ">
      <subfield code="a">(OCoLC)980374188</subfield>
    </datafield>
    <datafield tag="041" ind1=" " ind2=" ">
      <subfield code="a">dut</subfield>
    </datafield>
    <datafield tag="084" ind1=" " ind2=" ">
      <subfield code="a">74.20</subfield>
      <subfield code="2">bcl</subfield>
    </datafield>
    <datafield tag="100" ind1="1" ind2=" ">
      <subfield code="a">Doetecum, Joannes van,</subfield>
      <subfield code="d">?-ca. 1600,</subfield>
      <subfield code="c">Sr.</subfield>
    </datafield>
    <datafield tag="245" ind1="1" ind2="0">
      <subfield code="a">Bescrivinge van dat vermarde en vruchtbaer graefschap van Hollant met dat geheele landt van Utrecht, dese landen sin eertiets bij den ouden Romeinen Batavia genaemt geweest, waer af dat het landt tusschen den Rhin ende de Wael noch tertiet den naem Betue behouden heeft, want gelick men noch tegenwordich sien can dat den Rhin in voerleden tijden doer Utrecht ende de stadt Leijden also sijnen cours oft loop aldaer inde zee genomen heeft, bij dat huus te Bretta, waer van noch somige rowinen oft oude muragien inde zee liggen die welcke bij onsen tyden dry mael gesien sin te weten int jaer 1520 ende 1552, 1562 /</subfield>
      <subfield code="c">Joannes à Duetecum, Lucas à Duetecum fecerunt Nieumegen.</subfield>
    </datafield>
    <datafield tag="255" ind1=" " ind2=" ">
      <subfield code="a">Schaal [ca. 1:400.000].</subfield>
      <subfield code="c">(E 3°35'00"-E 6°01'00"/N 53°27'00"-N 51°40'00").</subfield>
    </datafield>
    <datafield tag="264" ind1=" " ind2="1">
      <subfield code="a">[Plaats van uitgave niet vastgesteld] :</subfield>
      <subfield code="b">[uitgever niet vastgesteld],</subfield>
      <subfield code="c">[na 1593?]</subfield>
    </datafield>
    <datafield tag="300" ind1=" " ind2=" ">
      <subfield code="a">1 krt. :</subfield>
      <subfield code="b">koperdiepdruk ;</subfield>
      <subfield code="c">37 x 51 cm</subfield>
    </datafield>
    <datafield tag="336" ind1=" " ind2=" ">
      <subfield code="a">cartografische afbeelding</subfield>
      <subfield code="b">cri</subfield>
      <subfield code="2">rdacontent/dut</subfield>
    </datafield>
    <datafield tag="337" ind1=" " ind2=" ">
      <subfield code="a">zonder medium</subfield>
      <subfield code="b">n</subfield>
      <subfield code="2">rdamedia/dut</subfield>
    </datafield>
    <datafield tag="338" ind1=" " ind2=" ">
      <subfield code="a">vel</subfield>
      <subfield code="b">nb</subfield>
      <subfield code="2">rdacarrier/dut</subfield>
    </datafield>
    <datafield tag="500" ind1=" " ind2=" ">
      <subfield code="a">Linksboven het wapen van Filips II; rechtsboven het wapen van Holland.</subfield>
    </datafield>
    <datafield tag="510" ind1="0" ind2=" ">
      <subfield code="a">Blonk 14 3</subfield>
    </datafield>
    <datafield tag="651" ind1=" " ind2="7">
      <subfield code="a">Holland.</subfield>
      <subfield code="0">(NL-LeOCL)078535999.</subfield>
      <subfield code="2">gtt</subfield>
    </datafield>
    <datafield tag="651" ind1=" " ind2="7">
      <subfield code="a">Utrecht (provincie)</subfield>
      <subfield code="0">(NL-LeOCL)078699746.</subfield>
      <subfield code="2">gtt</subfield>
    </datafield>
    <datafield tag="655" ind1=" " ind2="7">
      <subfield code="a">Kaarten (vorm)</subfield>
      <subfield code="0">(NL-LeOCL)088143554.</subfield>
      <subfield code="2">gtt</subfield>
    </datafield>
    <datafield tag="700" ind1="1" ind2=" ">
      <subfield code="a">Doetecum, Lucas van.</subfield>
    </datafield>
    <datafield tag="758" ind1=" " ind2=" ">
      <subfield code="a">Bescrivinge van dat vermarde en vruchtbaer graefschap van Hollant met dat geheele landt van Utrecht, dese landen sin eertiets bij den ouden Romeinen Batavia genaemt geweest, waer af dat het landt tusschen den Rhin ende de Wael noch tertiet den naem Betue behouden heeft, want gelick men noch tegenwordich sien can dat den Rhin in voerleden tijden doer Utrecht ende de stadt Leijden also sijnen cours oft loop aldaer inde zee genomen heeft, bij dat huus te Bretta, waer van noch somige rowinen oft oude muragien inde zee liggen die welcke bij onsen tyden dry mael gesien sin te weten int jaer 1520 ende 1552, 1562 (CartographicMaterial)</subfield>
      <subfield code="1">https://id.oclc.org/worldcat/entity/E39PD37HwPm37cMDJtXP4JCQD3</subfield>
      <subfield code="4">https://id.oclc.org/worldcat/ontology/hasWork</subfield>
    </datafield>
    <datafield tag="856" ind1="4" ind2="1">
      <subfield code="u">http://objects.library.uu.nl/reader/resolver.php?obj=002196834&amp;type=2</subfield>
      <subfield code="x">Online</subfield>
      <subfield code="z">Full image</subfield>
    </datafield>
    <datafield tag="936" ind1=" " ind2=" ">
      <subfield code="a">BATCHLOAD</subfield>
    </datafield>
  </record>